Majetkové, informačné a finančné toky v podniku
Neustály proces kolobehu majetku, informácií a financií v podniku. Všeobecné vymedzenie majetkových tokov, informačných tokov a finančných tokov v podniku.
Enregistré dans:
| Auteur principal: | |
|---|---|
| Format: | Chapitre de livre |
| Langue: | slovaque |
| Sujets: | |
| Tags: |
Pas de tags, Soyez le premier à ajouter un tag!
|
MARC
| LEADER | 00000naa$a2200000$$$4500 | ||
|---|---|---|---|
| 001 | 0082959 | ||
| 005 | 20240502083221.1 | ||
| 041 | 0 | |a slo | |
| 044 | |a CZ | ||
| 245 | 1 | 0 | |a Majetkové, informačné a finančné toky v podniku |c Miloš Sklenka |
| 520 | |a Neustály proces kolobehu majetku, informácií a financií v podniku. Všeobecné vymedzenie majetkových tokov, informačných tokov a finančných tokov v podniku. | ||
| 610 | 2 | 0 | |a podnik |
| 610 | 2 | 0 | |a tok materiálu |
| 610 | 2 | 0 | |a cash flow |
| 610 | 2 | 0 | |a tok informácií |
| 610 | 2 | 0 | |a majetok |
| 610 | 2 | 0 | |a riadenie |
| 100 | 1 | |a Sklenka, Miloš | |